Consultas en materia de transporte marítimo: establecimiento de organismos nacionales y regionales de usuarios, consultas y negociaciones entre usuarios y armadores
Guardat en:
| Autor corporatiu: | |
|---|---|
| Format: | Llibre |
| Idioma: | espanyol |
| Publicat: |
Nueva York
ONU
1967
|
| Matèries: | |
| Etiquetes: |
Afegir etiqueta
Sense etiquetes, Sigues el primer a etiquetar aquest registre!
|
MARC
| LEADER | 00000nam a2200000 a 4500 | ||
|---|---|---|---|
| 001 | UCU6643 | ||
| 003 | CL-VaPUC | ||
| 008 | 960621e19670000US |||||||||||||||||spa|d | ||
| 082 | 0 | 4 | |a 387.5 |b CON |2 21 |
| 110 | 2 | |a Conferencia de las Naciones Unidas sobre Comercio y Desarrollo |e author |9 364943 | |
| 245 | 1 | 0 | |a Consultas en materia de transporte marítimo: establecimiento de organismos nacionales y regionales de usuarios, consultas y negociaciones entre usuarios y armadores |
| 300 | |a 271 p | ||
| 942 | |c BK | ||
| 945 | |d 19960621 00:00:00 |a paguirre | ||
| 260 | |a Nueva York |b ONU |c 1967 | ||
| 650 | 7 | |a TRANSPORTE |2 CL-VaPUC |9 256365 | |
| 650 | 0 | |a Transporte marítimo |9 260127 | |
| 650 | 7 | |a POLITICA DE TRANSPORTES |2 CL-VaPUC |9 358677 | |
| 650 | 7 | |a TRANSPORTE INTERNACIONAL |2 CL-VaPUC |9 364944 | |
| 583 | |a last modification |c 19960621 00:00:00 |k Rodrigo Vera | ||
| 999 | |c 249485 |d 249483 | ||
| 952 | |0 0 |1 0 |4 0 |6 387_500000000000000_CON_1967 |7 0 |8 A |9 266762 |a BIBING |b BIBING |d 2019-11-19 |i 1689584 |o 387.5 CON 1967 |p 1689584 |r 2025-01-20 |w 2019-11-19 |y BK |k TRA | ||